| 000 | 00828nas a2200289 454500 | ||
|---|---|---|---|
| 001 | IICA0700971 | ||
| 003 | BR-BrBNA | ||
| 005 | 20260323111558.0 | ||
| 007 | ta | ||
| 008 | 260323b bl.|||p| |||| 00| 00por d | ||
| 040 |
_aBR-BrBNA _bpor _cBiblioteca Nacional de Agricultura |
||
| 041 | _a(Es) | ||
| 072 | _aH20; H01 | ||
| 100 | 1 | _aDíaz, R.O. | |
| 100 | 1 | _aPinstrup-Andersen, p. | |
| 100 | 1 | _aDoll, J. | |
| 245 | 1 | _aLas malezas y su control en el cultivo de yuca en Colombia | |
| 300 | _av. 27(4) p. 319-326 | ||
| 650 | _aMANDIOCA | ||
| 650 | _aMANIHOT ESCULENTA | ||
| 650 | _aDOENCA DE PLANTA | ||
| 650 | _aDEFESA VEGETAL | ||
| 650 | _aCOLOMBIA | ||
| 773 | 0 |
_tTURRIALBA (IICA) _X0041-4360 _g(Oct-Dec 1977), v. 27(4) p. 319-326 _wIICA0700971 |
|
| 909 |
_a202603 _bLúcia _c55 _dLúcia Elande |
||
| 942 |
_2IICA _n0 _cANA |
||
| 999 |
_c340955 _d340955 |
||